000 00667nam a2200217 4500
003 OSt
005 20240628053853.0
006 a
008 240628b |||||||| |||| 00| 0 eng d
020 _a9780071263283
040 _aDWCL-Main lib.
_cOC
082 _2Eighth edition
_aCirc. 515.9 B878c 2009
100 _aBrown, James Word
245 _aComplex variables and applications /
250 _aEighth edition
260 _aBoston :
_bMcgraw-Hill,
_cc2009.
300 _axi,
_b468 p. : ill. ;
_c24 cm.
504 _aIncludes bibliographical references & index.
650 _a1. Functions of complex variables.
942 _2ddc
_n0
_cBK-CIRC
_eEighth edition
_kCirc.
999 _c1582
_d1582